户晨风认定的中国城市 - Statistics

General Stats
  • This quiz has been taken 53 times
  • The average score is 34 of 48
Answer Stats
Answer % Correct
北京
100%
上海
100%
广州
98%
深圳
96%
成都
96%
南京
94%
天津
94%
杭州
92%
武汉
90%
重庆
90%
郑州
90%
西安
90%
青岛
90%
苏州
90%
沈阳
90%
厦门
88%
哈尔滨
88%
长沙
86%
福州
86%
宁波
84%
大连
84%
长春
82%
石家庄
82%
昆明
80%
济南
80%
合肥
78%
无锡
78%
南昌
76%
南通
71%
温州
69%
东莞
69%
南宁
69%
常州
67%
珠海
67%
泉州
63%
贵阳
61%
海口
61%
嘉兴
53%
三亚
51%
绍兴
49%
烟台
49%
扬州
49%
汕头
45%
惠州
35%
盐城
22%
临沂
18%
张家界
10%
运城
2%
No matching quizzes found
Score Distribution
Percent of People with Each Score
Percentile by Number Answered
Your Score History
You have not taken this quiz